| 000 | 00840nam a2200241 a 4500 | ||
|---|---|---|---|
| 008 | |||
| 020 | _a1572316233 (pbk.) | ||
| 049 | _aMAIN | ||
| 090 | _aTK5105.585 | ||
| 245 | 1 | 0 |
_aMicrosoft TCP/ IP training / _cMicrosoft Corporation. |
| 246 |
_aInternetworking with TCP/IP on windows NT4.0 : _bhands-on self-paced training for supporting TCP/IP. |
||
| 260 |
_aWashington : _bMicrosoft Press, _c1997 |
||
| 300 |
_axxiii,398 p. : _bill. ; _c23 cm. |
||
| 500 | _aIncludes index. | ||
| 650 | _aElectronic data processing personnel - Certification. | ||
| 650 | _aMicrosoft software - Study and teaching. | ||
| 650 | _aTCP/IP (Computer network protocol). | ||
| 907 |
_a.b10122266 _b13-07-06 _c18-05-04 |
||
| 003 | |||
| 005 | 20230123133716.0 | ||
| 040 | _cNUST | ||
| 942 |
_cBOOKS _kTK5105.585 |
||
| 999 |
_c153291 _d153291 |
||